|
|
|
|
| LEADER |
00000nam a2200000Ia 4500 |
| 008 |
180420b1986 cr ||||| |||| 00| | spa d |
| 999 |
|
|
|c 1788
|d 1788
|
| 090 |
|
|
|a 06.03.06
|b 357
|
| 110 |
2 |
|
|a UNESCO
|9 1248
|
| 245 |
1 |
0 |
|a Influencia de los programas de formación docente y perfeccionamiento del personal de la educación superior en la eficiencia académica de las universidades
|
| 260 |
|
|
|a San José, Costa Rica :
|b UNESCO,
|c 1986
|
| 300 |
|
|
|a 150 páginas
|
| 500 |
|
|
|a Informe final
|
| 650 |
1 |
4 |
|a EDUCACIÓN SUPERIOR
|9 8
|
| 650 |
1 |
4 |
|a FORMACIÓN DE DOCENTES
|9 9
|
| 650 |
1 |
4 |
|a PERSONAL DOCENTE
|9 1580
|
| 711 |
|
|
|a Taller Interregional de Redeslac [2° : 1986 : San José, C.R.]
|
| 942 |
|
|
|i 00498,00935
|h 06.03.06 357
|2 z
|c 01
|